| 000 | 00437nam a2200193Ia 4500 | ||
|---|---|---|---|
| 005 | 20240823045303.0 | ||
| 008 | 240823s9999||||xx |||||||||||||| ||und|| | ||
| 020 | _a81-225-0246-6 | ||
| 041 | _aENGLISH | ||
| 082 | _A561 P3 | ||
| 100 | _aSiddiqui K A | ||
| 245 | 0 | _aElements of Paleobotany | |
| 250 | _a2nd | ||
| 260 |
_c2003 _b"Kitab Mahal,Ala" |
||
| 500 | _aYES | ||
| 650 |
_aGeneral _bGeneral |
||
| 942 | _cBK | ||
| 999 |
_c214608 _d214608 |
||